000 00456nam a2200181Ia 4500
001 16064
005 20260306170242.0
008 260306t2020||||xx |||||||||||||| ||und||
041 _aESP
082 _a346.6
_bD22
100 _aD'Amico, Giovanni,
_eAUT
245 0 _aCovid-19 :
_bsu impacto en las relaciones jurídicas privadas
260 _c2020
300 _a318 páginas :
_c25 cm.
650 _aGEN
654 _aCDE
942 _cLIB
_dJUS
_fJUS
_2ddc
_n
999 _c16064
_d16064